[Event "Mistrzostwa Polski Juniorow do lat 18 - Chlopcy"]
[Site "Jastrzebia Gora"]
[Date "1899-12-30"]
[Round "6.18"]
[White "Karut, Kacper"]
[Black "Pieczulis, Blazej"]
[Result "1/2-1/2"]
[WhiteTitle "I"]
[BlackTitle "I"]
[WhiteElo "1904"]
[BlackElo "1784"]

1. e4 c6 2. d4 d5 3. f3 e6 4. Nc3 Bb4 5. Bd2 Nf6 6. Bd3 b6 7. e5 Nfd7 8. f4 Ba6
9. Qe2 Bxd3 10. Qxd3 Bxc3 11. bxc3 c5 12. Ne2 Nc6 13. O-O g6 14. Be1 Qe7 15. Qh3
f5 16. exf6 Nxf6 17. Bh4 O-O 18. Rae1 Rae8 19. g4 Qg7 20. Bg5 Qd7 21. Bxf6 Rxf6
22. Qe3 c4 23. Ng3 Rf7 24. h4 Qe7 25. g5 Kg7 26. h5 Qc7 27. Rf2 Ref8 28. Ne2 Qe7
29. Qh3 Kg8 30. Rh2 gxh5 31. Qxh5 Rg7 32. Rf1 Qd6 33. Qg4 Ne7 34. Ng3 Nf5 35.
Re2 Nxg3 36. Qxg3 h6 37. Re5 Rff7 38. Rfe1 hxg5 39. fxg5 Rf5 40. g6 Rf6 41. Qh4
Rgxg6+ 42. Rg5 Qf8 43. Ree5 Kg7 44. Kh2 Rf2+ 45. Kg1 Rf1+ 46. Kh2 Qf2+ 47. Qxf2
Rxf2+ 48. Kg3 Rff6 49. Rxg6+ Kxg6 50. Kg4 Kf7 51. Rh5 Ke7 52. Rh8 Rf2 53. Rh7+
Rf7 54. Rh8 Kd6 55. Rd8+ Rd7 56. Re8 Re7 57. Rd8+ Kc7 58. Ra8 Kd6 59. Rd8+ Rd7
60. Re8 Rf7 61. Kg3 b5 62. Rd8+ Kc6 63. Re8 Rf6 64. Kg4 Kd6 65. Rd8+ 1/2-1/2

[Event "Mistrzostwa Polski Juniorow do lat 18 - Chlopcy"]
[Site "Jastrzebia Gora"]
[Date "1899-12-30"]
[Round "6.19"]
[White "Jedraszek, Pawel"]
[Black "Malik, Maciej"]
[Result "1-0"]
[WhiteTitle "I+"]
[BlackTitle "k"]
[WhiteElo "1944"]
[BlackElo "2163"]

1. e4 c5 2. Nf3 Nc6 3. d4 cxd4 4. Nxd4 e6 5. Nc3 Qc7 6. Be3 a6 7. g4 Bb4 8. Nxc6
bxc6 9. Qd4 Bxc3+ 10. Qxc3 Ne7 11. O-O-O f6 12. f4 O-O 13. Bg2 d5 14. Rhg1 Rd8
15. Qc5 Rb8 16. a4 Rb7 17. Rd2 Ng6 18. Rf1 Nf8 19. h4 Qe7 20. Qa5 Rbd7 21. Bb6
Re8 22. Bc5 Qd8 23. Bb6 Qe7 24. g5 f5 25. e5 Rb7 26. Bc5 Qd8 27. Qb6 Qc7 28. Qxc7
Rd8 29. Rf3 Nd7 30. Be7 Re8 31. Bd6 c5 32. b3 Rb4 33. Kb2 Bb7 34. Rff2 d4 35.
Bf1 Ra8 36. Ka3 Bd5 37. Bxc5 Nxc5 38. Kxb4 Ne4 39. Bg2 Rb8+ 40. Ka5 d3 41. cxd3
Nxd2 42. Bxd5 Nxb3+ 43. Bxb3 Rxb3 44. Kxa6 Rxd3 45. Kb5 Rb3+ 46. Kc4 Ra3 47. Kb4
Ra1 48. a5 Kf7 49. h5+ Ke7 50. Rd2+ Rb1+ 51. Kc5+ Rc1+ 52. Kb5+ Rb1+ 53. Kc6+
Rc1+ 54. Kb6+ Rb1+ 55. Ka7+ Rb4 56. a6+ Rxf4 57. Rb2+ Rc4 58. Kb6+ Kd7 59. a7+
Rc6+ 60. Ka5+ Rc1 61. Kb6+ Rc6+ 62. Kb7+ Rxc7+ 63. Ka6 Rc6+ 64. Rb6 Rc8 65. Rb8
Rc6+ 66. Kb5 1-0

[Event "Mistrzostwa Polski Juniorow do lat 18 - Chlopcy"]
[Site "Jastrzebia Gora"]
[Date "1899-12-30"]
[Round "7.1"]
[White "Dzida, Kamil"]
[Black "Ochedzan, Tymon"]
[Result "1-0"]
[WhiteTitle "m"]
[BlackTitle "FM"]
[WhiteElo "2333"]
[BlackElo "2240"]

1. d4 Nf6 2. Nf3 e6 3. c4 b6 4. g3 Bb4+ 5. Bd2 a5 6. Bg2 Bb7 7. O-O O-O 8. Nc3
d6 9. d5 e5 10. Ne1 c6 11. dxc6 Bxc6 12. Bxc6 Nxc6 13. Nd5 Nxd5 14. cxd5 Bxd2
15. dxc6 Bb4 16. Qd5 Qc7 17. a3 Bc5 18. Nd3 a4 19. Nb4 Rac8 20. Rac1 Qa7 21. e3
Qa5 22. Rfd1 Bxb4 23. axb4 Qxb4 24. Qxd6 Qxb2 25. Rb1 Qc3 26. Rdc1 Qa5 27. c7
a3 28. Ra1 Ra8 29. Rxa3 Qxa3 30. Qxa3 Rxa3 31. c8=Q Ra8 32. Qc7 Rae8 33. Qxb6
Re6 34. Rc6 Ree8 35. e4 h6 36. Qc5 Kh7 37. Rc7 f6 38. Re7 Rc8 39. Qa7 Rg8 40.
Qd7 Rb8 41. Qf5+ Kh8 42. Qg6 Ra8 43. Rf7 Ra6 44. Kg2 Rb6 45. g4 1-0

[Event "Mistrzostwa Polski Juniorow do lat 18 - Chlopcy"]
[Site "Jastrzebia Gora"]
[Date "1899-12-30"]
[Round "7.2"]
[White "Karolczuk, Iwo"]
[Black "Luczak, Filip"]
[Result "1-0"]
[WhiteTitle "FM"]
[BlackTitle "FM"]
[WhiteElo "2346"]
[BlackElo "2345"]

1. d4 e6 2. c4 Bb4+ 3. Bd2 Qe7 4. e4 d5 5. e5 Bxd2+ 6. Qxd2 dxc4 7. Bxc4 Bd7 8.
Nc3 Bc6 9. Nge2 Nh6 10. O-O O-O 11. Ng3 Nd7 12. Qf4 Qb4 13. Bb3 Nc5 14. Bc2 f5
15. Rab1 Rad8 16. Rfd1 Ba4 17. Nxa4 Nxa4 18. Nh5 Rd7 19. d5 Qxf4 20. Nxf4 Nc5
21. b4 Ne4 22. Bxe4 fxe4 23. Nxe6 Rf5 24. Nc5 Rd8 25. Nxb7 Rb8 26. Nc5 Ng4 27.
d6 cxd6 28. exd6 e3 29. fxe3 Nxe3 30. d7 Nxd1 31. Rxd1 Rd8 32. Ne6 Rff8 33. Nxd8
Rxd8 34. Kf2 Kf7 35. Ke3 Ke6 36. Ke4 h6 37. a4 g6 38. b5 Kf6 39. Rd6+ Ke7 1-0

[Event "Mistrzostwa Polski Juniorow do lat 18 - Chlopcy"]
[Site "Jastrzebia Gora"]
[Date "1899-12-30"]
[Round "7.3"]
[White "Chyzy, Jakub"]
[Black "Kaliszuk, Kamil"]
[Result "0-1"]
[WhiteTitle "FM"]
[BlackTitle "k"]
[WhiteElo "2250"]
[BlackElo "2217"]

1. e4 e6 2. Nf3 d5 3. Nc3 Nf6 4. e5 Nfd7 5. d4 c5 6. dxc5 Nc6 7. Bf4 Bxc5 8. Bd3
h6 9. O-O a6 10. a3 g5 11. Bg3 g4 12. Nd2 h5 13. Nb3 Ba7 14. Qd2 Ndxe5 15. Rae1
Nc4 16. Qc1 h4 17. Bf4 g3 18. hxg3 hxg3 19. Bxg3 Bb8 20. Bxc4 dxc4 21. Nd2 Qg5
22. Bxb8 Qh5 23. f4 Qh2+ 24. Kf2 Qh4+ 25. g3 Qh2+ 26. Ke3 Rxb8 27. Nf3 Qh6 28.
Rh1 Qg7 29. Rxh8+ Qxh8 30. Rh1 Qg7 31. Ne4 Ne7 32. Kf2 Nd5 33. Ne5 Bd7 34. Nd6+
Ke7 35. Ndxf7 Rf8 36. c3 Rxf7 37. Nxf7 Qxf7 38. Qc2 Nf6 39. Qe2 Bc6 40. Rh4 Ne4+
41. Ke1 Nxg3 42. Qxc4 Qf5 43. Kd2 Qb1 44. Qb4+ Kf7 45. c4 Ne4+ 46. Ke3 Qg1+ 0-1

[Event "Mistrzostwa Polski Juniorow do lat 18 - Chlopcy"]
[Site "Jastrzebia Gora"]
[Date "1899-12-30"]
[Round "7.4"]
[White "Kacprzak, Karol"]
[Black "Kacprzak, Kacper"]
[Result "1/2-1/2"]
[WhiteTitle "k+"]
[BlackTitle "k++"]
[WhiteElo "2221"]
[BlackElo "2248"]

1. d4 Nf6 2. c4 e6 3. Nf3 Bb4+ 4. Bd2 Qe7 5. g3 Nc6 6. Bg2 Bxd2+ 7. Nbxd2 d6 8.
O-O O-O 9. e4 e5 10. d5 Nb8 11. Ne1 a5 12. Nd3 Na6 13. a3 c6 14. b4 cxd5 15. cxd5
axb4 16. axb4 Bg4 17. f3 Bd7 18. Qb3 Nc7 19. Nc4 Nb5 20. Qb2 Rfc8 21. Rxa8 Rxa8
22. Ra1 Qd8 23. Rxa8 Qxa8 24. Bf1 Qa7+ 25. Qf2 Qa1 26. Qb2 Qa7+ 27. Qf2 Qa1 28.
Qb2 Qa7+ 1/2-1/2

[Event "Mistrzostwa Polski Juniorow do lat 18 - Chlopcy"]
[Site "Jastrzebia Gora"]
[Date "1899-12-30"]
[Round "7.5"]
[White "Ciszewski, Krzysztof"]
[Black "Luberanski, Jakub"]
[Result "1/2-1/2"]
[WhiteTitle "I++"]
[BlackTitle "FM"]
[WhiteElo "2047"]
[BlackElo "2242"]

1. d4 d5 2. c4 c6 3. Nc3 Nf6 4. Nf3 e6 5. Bg5 dxc4 6. e4 b5 7. e5 h6 8. Bh4 g5
9. Nxg5 hxg5 10. Bxg5 Nbd7 11. exf6 Bb7 12. g3 c5 13. d5 Qb6 14. Bg2 O-O-O 15.
O-O b4 16. Na4 Qa6 17. b3 c3 18. a3 Bxd5 19. Bxd5 Ne5 20. Qc2 Rxd5 21. Qe4 Qd3
22. Qxd3 Nxd3 23. Be3 Rd7 24. Rfd1 Bh6 25. f4 Rhd8 26. Rf1 Bf8 27. h4 Kb7 28.
g4 Kc6 29. g5 Rd4 30. Bxd4 Rxd4 31. axb4 cxb4 32. Rad1 c2 33. Rd2 c1=Q 34. Rxc1+
Nxc1 35. Rc2+ Kd5 36. Rxc1 Rxf4 37. Rc7 Rxh4 38. Rxf7 Rg4+ 39. Kf2 Bd6 40. Rxa7
e5 41. Rg7 Ke6 42. Kf3 Kf5 43. f7 e4+ 44. Kf2 Rf4+ 45. Ke2 Rf3 46. g6 Rxb3 47.
Rg8 Kf6 48. Nb6 Rf3 49. Nd5+ Kg5 50. Rd8 Kxg6 51. Rxd6+ Kxf7 52. Nxb4 1/2-1/2

[Event "Mistrzostwa Polski Juniorow do lat 18 - Chlopcy"]
[Site "Jastrzebia Gora"]
[Date "1899-12-30"]
[Round "7.6"]
[White "Backiel, Hubert"]
[Black "Wojdak, Jan"]
[Result "1-0"]
[WhiteTitle "k"]
[BlackTitle "k"]
[WhiteElo "2127"]
[BlackElo "2097"]

1. e4 c6 2. d4 d5 3. e5 Bf5 4. Nf3 e6 5. Be2 Nd7 6. O-O a5 7. c3 a4 8. Nbd2 f6
9. exf6 Qxf6 10. Re1 Bd6 11. Nf1 Ne7 12. Ng3 h6 13. Nh5 Qf7 14. Bf4 Bxf4 15. Nxf4
g5 16. Nd3 Ng6 17. Qd2 Be4 18. Qe3 Rf8 19. Nd2 Bxd3 20. Bxd3 Nf4 21. Bf1 O-O-O
22. g3 Rg8 23. Kh1 Nh5 24. Qxe6 Qxf2 25. Re2 Qf6 26. Bh3 Qg7 27. Rf1 Rgf8 28.
Ref2 Rxf2 29. Rxf2 g4 30. Bxg4 Nxg3+ 31. hxg3 h5 32. Bh3 Qxg3 33. Rf3 Qg5 34.
Qe3 Qg7 35. Qe5 Qh7 36. Qf5 Qh6 37. Qf4 Qh7 38. Bf5 Qg7 39. Rg3 Qe7 40. Re3 Qg7
41. Rg3 Qe7 42. Qe5 Qh4+ 43. Kg2 a3 44. bxa3 c5 45. Nf3 Qe4 46. Bxe4 Nxe5 47.
Bf5+ Nd7 48. Ne5 Kc7 49. Bxd7 Ra8 50. a4 1-0

[Event "Mistrzostwa Polski Juniorow do lat 18 - Chlopcy"]
[Site "Jastrzebia Gora"]
[Date "1899-12-30"]
[Round "7.7"]
[White "Taranowicz, Michal"]
[Black "Biesiadecki, Adam"]
[Result "1-0"]
[WhiteTitle "I++"]
[BlackTitle "I"]
[WhiteElo "1900"]
[BlackElo "1761"]

1. e4 c5 2. Nf3 Nc6 3. Bb5 g6 4. Bxc6 dxc6 5. d3 Bg7 6. h3 e5 7. Be3 b6 8. a4 a5
9. Na3 h6 10. Nc4 Qc7 11. b4 axb4 12. a5 bxa5 13. Bxc5 Bf8 14. Bb6 Qb8 15. Nfxe5
a4 16. Nxc6 Qb7 17. N6a5 Qd7 18. Be3 Rb8 19. O-O Bg7 20. Bf4 Ra8 21. Nb6 Rxa5
22. Nxd7 Bxd7 23. d4 1-0

[Event "Mistrzostwa Polski Juniorow do lat 18 - Chlopcy"]
[Site "Jastrzebia Gora"]
[Date "1899-12-30"]
[Round "7.8"]
[White "Madajczak, Piotr"]
[Black "Czernek, Tymon"]
[Result "1/2-1/2"]
[WhiteTitle "I+"]
[BlackTitle "FM"]
[WhiteElo "1897"]
[BlackElo "2314"]

1. c4 e5 2. Nc3 Nf6 3. g3 c6 4. Nf3 e4 5. Nd4 d5 6. cxd5 Bc5 7. Nb3 Bb6 8. Bg2
cxd5 9. d3 Ng4 10. O-O e3 11. fxe3 Bxe3+ 12. Kh1 Be6 13. d4 Nc6 14. Rf3 Bxc1 15.
Qxc1 O-O 16. Qf4 b6 17. Rd1 f5 18. Rff1 Qd7 19. Nc1 Nf6 20. Nd3 Ne4 21. Ne5 Nxe5
22. Qxe5 Rae8 23. Nxe4 fxe4 24. Rxf8+ Rxf8 25. Rc1 Rc8 26. Rxc8+ Qxc8 27. h4 h6
28. Kh2 Qd7 29. b3 Kh7 30. Kg1 b5 31. b4 Qc6 32. Kf2 Bg4 33. Bf1 h5 34. Qg5 Qc4
35. Qd2 a6 36. Ke3 Qc7 37. Kf2 Qc4 38. Ke3 Qc7 39. Kf2 1/2-1/2

[Event "Mistrzostwa Polski Juniorow do lat 18 - Chlopcy"]
[Site "Jastrzebia Gora"]
[Date "1899-12-30"]
[Round "7.9"]
[White "Turski, Bartlomiej"]
[Black "Grzesik, Gracjan"]
[Result "1-0"]
[WhiteTitle "FM"]
[BlackTitle "k"]
[WhiteElo "2352"]
[BlackElo "2149"]

1. e4 c5 2. Nf3 d6 3. d4 cxd4 4. Nxd4 Nf6 5. Nc3 a6 6. h4 e5 7. Nb3 Be7 8. Bg5
Be6 9. Bxf6 Bxf6 10. g3 O-O 11. Qd2 Be7 12. O-O-O Nd7 13. f4 b5 14. f5 Bxb3 15.
axb3 Nb6 16. Kb1 Qc7 17. g4 Rfc8 18. g5 f6 19. gxf6 Bxf6 20. h5 h6 21. Rg1 Kh7
22. Qxd6 Qa7 23. Bd3 Rd8 24. Qc5 Rac8 25. Qe3 Qb7 26. Rg6 b4 27. Ne2 a5 28. Rxf6
gxf6 29. Rg1 Rg8 30. Rg6 Rxg6 31. fxg6+ Kg8 32. Ng3 a4 33. Nf5 axb3 34. cxb3 Qa7
35. Bc4+ Rxc4 36. bxc4 Qd7 37. Qb3 Kh8 38. g7+ Kh7 39. g8=Q+ Kxg8 40. c5+ Kh8
41. cxb6 Qb5 42. Qd1 Kh7 43. b3 Qc6 44. Qg4 1-0

[Event "Mistrzostwa Polski Juniorow do lat 18 - Chlopcy"]
[Site "Jastrzebia Gora"]
[Date "1899-12-30"]
[Round "7.10"]
[White "Zdybel, Przemyslaw"]
[Black "Stachecki, Mikolaj"]
[Result "1/2-1/2"]
[WhiteTitle "I++"]
[BlackTitle "I++"]
[WhiteElo "2268"]
[BlackElo "2015"]

1. e4 c5 2. Nc3 Nc6 3. g3 g6 4. Bg2 Bg7 5. d3 e6 6. Be3 d6 7. Qd2 Nge7 8. Bh6 Bxh6
9. Qxh6 Ng8 10. Qd2 Nd4 11. Nd1 Ne7 12. c3 Ndc6 13. f4 f5 14. Nf3 O-O 15. O-O
Rb8 16. exf5 exf5 17. Re1 Kg7 18. d4 Ng8 19. d5 Nce7 20. Ng5 Nf6 21. Nf2 Re8 22.
Rad1 Qc7 23. h3 h6 24. Ne6+ Bxe6 25. Rxe6 Neg8 26. g4 Rxe6 27. dxe6 Rd8 28. c4
Kh7 29. g5 Ne8 30. gxh6 Kxh6 31. h4 Qe7 32. Nh3 Kg7 33. Ng5 Nh6 34. b4 Rc8 35.
bxc5 Rxc5 36. Qd4+ Qf6 37. Bxb7 a5 38. Ba6 Qxd4+ 39. Rxd4 Kf6 40. Bb5 Ke7 41.
Bxe8 Kxe8 42. Kf2 Ke7 43. Ke2 Ng4 44. a4 Nf6 45. Kd3 Rc8 1/2-1/2

[Event "Mistrzostwa Polski Juniorow do lat 18 - Chlopcy"]
[Site "Jastrzebia Gora"]
[Date "1899-12-30"]
[Round "7.11"]
[White "Pisarek, Jan"]
[Black "Paprocki, Antoni"]
[Result "0-1"]
[WhiteTitle "I"]
[BlackTitle "k"]
[WhiteElo "1931"]
[BlackElo "2255"]

1. e4 e5 2. Nf3 Nc6 3. Bc4 Nf6 4. d3 Bc5 5. c3 d6 6. h3 a5 7. Nbd2 O-O 8. O-O h6
9. Re1 Be6 10. Bb3 Ba7 11. Bc2 Ne7 12. Nf1 c6 13. Ng3 Ng6 14. d4 Re8 15. a4 Qc7
16. Be3 Rad8 17. Qd2 Qe7 18. Rad1 Bb8 19. Qc1 b5 20. Nf5 Bxf5 21. exf5 Nf8 22.
dxe5 dxe5 23. Bb6 Rxd1 24. Qxd1 e4 25. Nd2 Qd6 26. Nf1 Qe5 27. Bd4 Qxf5 28. Bxf6
Qxf6 29. Rxe4 Rd8 30. Qe2 Ba7 31. Ne3 b4 32. Rc4 Ne6 33. Rxc6 Nd4 34. Qa6 Nxc6
0-1

[Event "Mistrzostwa Polski Juniorow do lat 18 - Chlopcy"]
[Site "Jastrzebia Gora"]
[Date "1899-12-30"]
[Round "7.12"]
[White "Lis, Maksymilian"]
[Black "Kolodziejski, Piotr"]
[Result "1/2-1/2"]
[WhiteTitle "I"]
[BlackTitle "k"]
[WhiteElo "1784"]
[BlackElo "2118"]

1. d4 Nf6 2. c4 e6 3. Nc3 Bb4 4. e3 O-O 5. Bd3 d5 6. Nge2 dxc4 7. Bxc4 c5 8. a3
Bxc3+ 9. bxc3 Qc7 10. Bd3 b6 11. O-O Bb7 12. Ng3 e5 13. e4 cxd4 14. cxd4 Nbd7
15. d5 Nc5 16. Bb2 Nxd3 17. Qxd3 Nd7 18. Rfc1 Nc5 19. Qd1 f6 20. a4 Rfc8 21. Ba3
g6 22. a5 Qd6 23. Qe2 Rc7 24. Qe3 Rac8 25. axb6 axb6 26. Rcb1 f5 27. exf5 Qxd5
28. f3 Nd7 29. Rd1 Qf7 30. fxg6 hxg6 31. Ne4 Bxe4 32. Qxe4 Rc4 33. Qd5 Qxd5 34.
Rxd5 Rd4 35. Rd1 Rxd1+ 36. Rxd1 Rc7 37. Rd5 Kf7 38. Rb5 Ke6 39. h4 Rc4 40. Rb4
Rxb4 41. Bxb4 Nf6 42. Kf2 b5 43. Ke2 Nd5 44. Bd2 Nf4+ 45. Kf1 Nd5 46. g4 e4 47.
fxe4 Nf6 48. h5 gxh5 49. gxh5 Nxe4 50. h6 Nxd2+ 51. Ke2 Kf6 52. Kxd2 Kg6 53. Kc3
Kxh6 54. Kb4 Kh7 55. Kxb5 1/2-1/2

[Event "Mistrzostwa Polski Juniorow do lat 18 - Chlopcy"]
[Site "Jastrzebia Gora"]
[Date "1899-12-30"]
[Round "7.13"]
[White "Dziendziel, Mateusz"]
[Black "Krasniewski, Szymon"]
[Result "1-0"]
[WhiteTitle "I++"]
[BlackTitle "I"]
[WhiteElo "2084"]
[BlackElo "1771"]

1. e4 c5 2. Nf3 e6 3. d4 cxd4 4. Nxd4 Nf6 5. Nc3 Nc6 6. Nxc6 bxc6 7. e5 Nd5 8.
Ne4 Bb7 9. c4 Nb4 10. Bg5 Qb8 11. Nd6+ Bxd6 12. exd6 c5 13. Be3 Be4 14. f3 Nc2+
15. Kf2 Qxb2 16. fxe4 Nxa1+ 17. Be2 Nc2 18. Bxc5 Rc8 19. Bxa7 Qxa2 20. Bb6 Rb8
21. c5 e5 22. Qd2 Qb2 23. Rc1 Qd4+ 24. Qxd4 Nxd4 25. Ra1 O-O 26. Bg4 f5 27. exf5
g6 28. Ra7 gxf5 29. Bh5 f4 30. Bf3 Nxf3 31. Kxf3 Rbe8 32. Ke4 f3 33. gxf3 Rf4+
34. Ke3 Rb4 35. Rxd7 e4 36. Rd8 Rb3+ 37. Ke2 exf3+ 38. Kf2 Rxd8 39. Bxd8 Kf7 40.
c6 Ke6 41. d7 Rd3 42. Ba5 Ke7 43. h4 Rd5 44. Bb6 Rd3 45. Bc7 Rd1 46. Kxf3 Rd3+
47. Ke4 Rd1 48. Kf5 Rd5+ 49. Kg4 Rd1 50. Bb6 Rd5 51. d8=Q+ Rxd8 52. Bxd8+ Kxd8
53. Kg5 1-0

[Event "Mistrzostwa Polski Juniorow do lat 18 - Chlopcy"]
[Site "Jastrzebia Gora"]
[Date "1899-12-30"]
[Round "7.14"]
[White "Budzisz, Adrian"]
[Black "Karut, Kacper"]
[Result "1/2-1/2"]
[WhiteTitle "k"]
[BlackTitle "I"]
[WhiteElo "2069"]
[BlackElo "1904"]

1. d4 d5 2. Nf3 Nf6 3. c4 e6 4. Nc3 Be7 5. e3 O-O 6. Bd3 Nbd7 7. O-O b6 8. Ne5
Bb7 9. f4 dxc4 10. Bxc4 c5 11. Nxf7 Kxf7 12. f5 Kg8 13. fxe6 Nb8 14. d5 Ba6 15.
Bxa6 Nxa6 16. e4 Nb4 17. a3 Nxe4 18. Rxf8+ Bxf8 19. Nxe4 Nxd5 20. Ng5 Qd6 21.
Qe2 Re8 22. Qh5 Nf6 23. Qf7+ Kh8 24. Be3 Qb8 25. Rf1 Re7 26. Rxf6 Rxf7 27. Rxf7
h6 28. Ne4 Qe8 29. Bxh6 gxh6 30. Rh7+ Kxh7 31. Nf6+ Kg6 32. Nxe8 Kf5 33. Nc7 Kf6
34. g4 Bd6 35. Ne8+ Ke7 36. Nxd6 Kxd6 37. Kf2 Kxe6 38. Ke3 Ke5 39. h4 a6 40. g5
hxg5 41. hxg5 Kf5 42. g6 Kxg6 43. Ke4 c4 44. Kd5 Kf5 45. Kc6 Ke4 46. Kxb6 Kd3
47. Kc5 Kc2 48. Kxc4 1/2-1/2

[Event "Mistrzostwa Polski Juniorow do lat 18 - Chlopcy"]
[Site "Jastrzebia Gora"]
[Date "1899-12-30"]
[Round "7.15"]
[White "Pieczulis, Blazej"]
[Black "Wilk, Igor"]
[Result "0-1"]
[WhiteTitle "I"]
[BlackTitle "I++"]
[WhiteElo "1784"]
[BlackElo "2058"]

1. d4 d5 2. c4 e6 3. Nf3 Nf6 4. Bg5 Be7 5. Nc3 h6 6. Bh4 O-O 7. cxd5 exd5 8. e3
c6 9. Bd3 Nbd7 10. Qc2 Re8 11. Bg3 Nf8 12. O-O Ne6 13. Rab1 a5 14. a3 Bd7 15.
b4 b5 16. Ne5 Bf8 17. f4 Nc7 18. Bh4 Be7 19. h3 Rf8 20. g4 Nfe8 21. g5 Nd6 22.
Qg2 h5 23. Qe2 Bf5 24. Nxc6 Qe8 25. Ne5 g6 26. Kh2 Bxd3 27. Qxd3 Nc4 28. Nxc4
bxc4 29. Qd2 axb4 30. axb4 Qd7 31. Rf2 Rfb8 32. Na2 Nb5 33. Qb2 Ra3 34. Re2 Qf5
35. Be1 Rb3 36. Qxb3 cxb3 37. Rxb3 Bd6 38. Nc1 Qxg5 39. Nd3 Qe7 40. Bg3 Nxd4 0-1

[Event "Mistrzostwa Polski Juniorow do lat 18 - Chlopcy"]
[Site "Jastrzebia Gora"]
[Date "1899-12-30"]
[Round "7.16"]
[White "Smetek, Michal"]
[Black "Syrkiewicz, Michal"]
[Result "1/2-1/2"]
[WhiteTitle "I+"]
[BlackTitle "k"]
[WhiteElo "1787"]
[BlackElo "2000"]

1. d4 Nf6 2. c4 e6 3. g3 d5 4. Nf3 Bb4+ 5. Bd2 Be7 6. Bg2 c6 7. O-O O-O 8. Qc2
Nbd7 9. Bf4 a5 10. Nbd2 b6 11. e4 dxe4 12. Nxe4 Nxe4 13. Qxe4 Ba6 14. Rac1 Rc8
15. Rfd1 h6 16. Ne5 Nxe5 17. Bxe5 Bg5 18. Rc3 b5 19. h4 b4 20. Rf3 f5 21. Qe2
Bf6 22. Re3 Re8 23. Bxf6 Qxf6 24. Re5 c5 25. Rxc5 Rxc5 26. dxc5 Kh7 27. Rd6 Bc8
28. f4 Rd8 29. Qe5 Qe7 30. b3 Kg6 31. Rxd8 Qxd8 32. Qd6 Qf6 33. Kh2 Kh5 34. Qc7
Ba6 35. Qc6 g5 36. hxg5 hxg5 37. fxg5 Kxg5 38. Qxa6 Qh8+ 39. Bh3 Qb2+ 40. Kg1
Qd4+ 41. Kh1 Qa1+ 42. Kh2 Qb2+ 43. Bg2 Qh8+ 44. Kg1 Qd4+ 45. Kh2 Qh8+ 46. Bh3
1/2-1/2

[Event "Mistrzostwa Polski Juniorow do lat 18 - Chlopcy"]
[Site "Jastrzebia Gora"]
[Date "1899-12-30"]
[Round "7.17"]
[White "Kotowicz, Kamil"]
[Black "Jedraszek, Pawel"]
[Result "0-1"]
[WhiteTitle "I"]
[BlackTitle "I+"]
[WhiteElo "1828"]
[BlackElo "1944"]

1. d4 Nf6 2. c4 g6 3. Nc3 Bg7 4. e4 d6 5. Be2 O-O 6. Bg5 c5 7. d5 e6 8. Qd2 exd5
9. exd5 Re8 10. Nf3 Bg4 11. O-O Nbd7 12. Rae1 a6 13. a4 Qb6 14. Bxf6 Nxf6 15.
h3 Bxf3 16. Bxf3 Qb4 17. Be2 Ne4 18. Nxe4 Rxe4 19. Qxb4 cxb4 20. Bd3 Rxe1 21.
Rxe1 Bxb2 22. Re7 b6 23. g3 Bd4 24. Kg2 b3 25. Re1 b2 26. Rb1 Rc8 27. h4 h5 28.
Kf1 Bc3 29. Ke2 Re8+ 30. Kf3 a5 31. Rd1 Kg7 32. Bb1 Rc8 33. Bd3 Kf6 34. Ke4 Rc7
35. Kf4 Kg7 36. Kf3 Kg8 37. Rb1 Kg7 38. Rd1 Rc5 39. Rb1 Kf8 40. Ke4 Ke7 41. f4
Kf6 42. Be2 Kg7 43. Bd3 Rc7 44. Be2 Bf6 45. Bd3 Re7+ 46. Kf3 Bd4 47. Kg2 Re3 48.
Bf1 Ra3 49. Be2 Rxa4 50. Bd3 Ra3 51. Be2 Ra1 52. Bd3 a4 0-1

[Event "Mistrzostwa Polski Juniorow do lat 18 - Chlopcy"]
[Site "Jastrzebia Gora"]
[Date "1899-12-30"]
[Round "7.18"]
[White "Kitewski, Bartosz"]
[Black "Kossowski, Pawel"]
[Result "1-0"]
[WhiteTitle "I++"]
[BlackTitle "I"]
[WhiteElo "1968"]
[BlackElo "1766"]

1. d4 Nf6 2. c4 e6 3. Nc3 Bb4 4. Nf3 c5 5. e3 O-O 6. Bd3 d5 7. O-O dxc4 8. Bxc4
Qe7 9. a3 Ba5 10. Qe2 Nc6 11. Na4 cxd4 12. exd4 a6 13. Bd3 b5 14. Nc3 Rd8 15.
Rd1 Bb7 16. Bg5 h6 17. Bxf6 Qxf6 18. Ne4 Qe7 19. b4 Bb6 20. Nc5 g6 21. Be4 Bxc5
22. dxc5 Rxd1+ 23. Rxd1 Rd8 24. Bxc6 Bxc6 25. Ne5 Rxd1+ 26. Qxd1 Bd5 27. Qc1 h5
28. Qe3 Qc7 29. Qg5 Kg7 30. h3 a5 31. Nd3 Ba8 32. Nf4 Kh7 33. Qf6 axb4 34. axb4
Qb7 35. f3 Qd7 36. Qe5 Bc6 37. Ne2 Qa7 38. Nd4 Bd5 39. Kh2 Qa4 40. c6 Qxb4 41.
c7 Qc3 42. Qd6 b4 43. Nc6 b3 44. c8=Q b2 45. Qdb8 Bb3 46. Qg8+ Kh6 47. Qf4+ g5
48. Qfxg5# 1-0

[Event "Mistrzostwa Polski Juniorow do lat 18 - Chlopcy"]
[Site "Jastrzebia Gora"]
[Date "1899-12-30"]
[Round "7.19"]
[White "Bem, Tymoteusz"]
[Black "Kozlowski, Franciszek"]
[Result "1-0"]
[WhiteTitle "I"]
[BlackTitle "I+"]
[WhiteElo "1748"]
[BlackElo "1829"]

1. d4 d5 2. c4 e6 3. Nc3 Nf6 4. Nf3 Be7 5. Bg5 O-O 6. e3 h6 7. Bxf6 Bxf6 8. cxd5
exd5 9. Bd3 Re8 10. Rc1 c6 11. O-O Be6 12. b4 Nd7 13. Ne2 Nb6 14. Nf4 Bd7 15.
Re1 Qb8 16. Bb1 g6 17. h4 Bg4 18. Qc2 Bf5 19. Qb3 Bxb1 20. Qxb1 Bg7 21. h5 g5
22. Ne2 Nc4 23. Rxc4 dxc4 24. e4 a5 25. e5 b5 26. Ng3 Qc8 27. bxa5 Rxa5 28. Nf5
Qd7 29. Nd2 c3 30. Ne4 Qxf5 31. Nf6+ Qxf6 32. exf6 Rxe1+ 33. Qxe1 Bxf6 34. Qxc3
Rxa2 35. Qxc6 Kg7 36. d5 b4 37. Qb6 Rd2 38. Qb5 Bc3 39. g3 Kf6 40. Qc6+ Ke5 41.
Qxh6 b3 42. Qh8+ f6 43. Qb8+ Kxd5 44. Qxb3+ Kd4 45. h6 1-0

[Event "Mistrzostwa Polski Juniorow do lat 18 - Chlopcy"]
[Site "Jastrzebia Gora"]
[Date "1899-12-30"]
[Round "7.21"]
[White "Malik, Maciej"]
[Black "Smuda, Tomasz"]
[Result "1-0"]
[WhiteTitle "k"]
[BlackTitle "I"]
[WhiteElo "2163"]
[BlackElo "1654"]

1. Nf3 c5 2. g3 Nc6 3. Bg2 Nf6 4. O-O d5 5. d3 e5 6. Bg5 Be7 7. Nbd2 O-O 8. e4
dxe4 9. dxe4 Bg4 10. Bxf6 Bxf6 11. c3 Qc7 12. Qc2 Rfd8 13. Nc4 Rd7 14. Ne3 Be6
15. Rfd1 c4 16. Bf1 Na5 17. Rxd7 Qxd7 18. Rd1 Qc7 19. Nd5 Bxd5 20. exd5 Rd8 21.
Qa4 a6 22. d6 Qc6 23. Qxa5 Qxf3 24. Rd2 Qg4 25. Bg2 e4 26. Qd5 e3 27. fxe3 Bg5
28. Qe5 Bf6 29. Qc5 Rc8 30. Qb6 Qe6 31. d7 Rd8 32. Qxe6 fxe6 33. Bxb7 a5 34. Ba6
Kf7 35. Bxc4 Ke7 36. Bb5 Bg5 37. Kf2 Rf8+ 38. Ke2 Kd8 39. Rd6 Rf5 40. a4 Re5 41.
Ra6 Rxe3+ 42. Kf2 Re5 43. Ra8+ Kc7 44. Rc8+ 1-0

[Event "Mistrzostwa Polski Juniorow do lat 18 - Chlopcy"]
[Site "Jastrzebia Gora"]
[Date "1899-12-30"]
[Round "8.1"]
[White "Kaliszuk, Kamil"]
[Black "Dzida, Kamil"]
[Result "1/2-1/2"]
[WhiteTitle "k"]
[BlackTitle "m"]
[WhiteElo "2217"]
[BlackElo "2333"]

1. d4 Nf6 2. c4 e6 3. Nf3 d5 4. Nc3 Bb4 5. Qa4+ Nc6 6. e3 O-O 7. Qc2 Re8 8. Bd2
Bf8 9. a3 e5 10. dxe5 Nxe5 11. cxd5 Nxf3+ 12. gxf3 Nxd5 13. Bd3 Nf6 14. O-O-O
c5 15. Ne4 Nxe4 16. Bxe4 Qh4 17. Bc3 g6 18. Rhg1 Bg7 19. Bxg7 Kxg7 20. f4 Qe7
21. Bd3 b6 22. f5 Qf6 23. h4 Re5 24. f4 Rxe3 25. fxg6 hxg6 26. f5 Rxd3 27. Qxd3
Bxf5 28. Qf3 Re8 29. h5 Re4 30. Rd3 Rc4+ 31. Rc3 Rxc3+ 32. Qxc3 Qxc3+ 33. bxc3
Kf8 34. hxg6 Bxg6 35. Re1 Bf5 36. Kd2 Be6 37. a4 Ke7 38. a5 b5 39. Rh1 Kd6 40.
Rh8 Kc7 41. Re8 Kb7 42. Re7+ Ka6 43. Rc7 Kxa5 44. Rxa7+ Kb6 45. Ra8 b4 46. cxb4
cxb4 47. Kd3 Kc5 48. Ra5+ Kd6 49. Kd4 b3 50. Ra6+ Kc7 51. Kc5 Kd7 52. Ra7+ Ke8
53. Kd6 Kf8 54. Ke5 1/2-1/2

[Event "Mistrzostwa Polski Juniorow do lat 18 - Chlopcy"]
[Site "Jastrzebia Gora"]
[Date "1899-12-30"]
[Round "8.2"]
[White "Ochedzan, Tymon"]
[Black "Karolczuk, Iwo"]
[Result "0-1"]
[WhiteTitle "FM"]
[BlackTitle "FM"]
[WhiteElo "2240"]
[BlackElo "2346"]

1. e4 c5 2. Nf3 d6 3. d4 cxd4 4. Nxd4 Nf6 5. Nc3 a6 6. Nb3 Nbd7 7. g4 h6 8. a4
b6 9. Bg2 Bb7 10. Qe2 e6 11. O-O g5 12. f4 gxf4 13. Bxf4 Qc7 14. h3 Be7 15. Rad1
Ne5 16. Nd2 Nfd7 17. Nf3 Nc4 18. e5 d5 19. Kh1 Qc5 20. Bc1 O-O-O 21. b3 Na5 22.
Rd3 Qc7 23. Na2 Nc5 24. Rc3 Nc6 25. Ne1 d4 26. Rg3 Qxe5 27. Qxe5 Nxe5 28. Bf4
Ng6 29. Bxb7+ Kxb7 30. Rgf3 Ne4 31. Kg1 f5 32. gxf5 exf5 33. Ng2 Rhg8 34. Kh2
Nxf4 35. Nxf4 Nd2 36. Nc1 Bd6 37. Ncd3 Rde8 38. Kh1 Nxf1 39. Rxf1 Re3 40. Rf2
Rgg3 41. Ne2 Rxh3+ 42. Kg1 Rh4 43. Ne1 Bg3 44. Nxg3 Rxg3+ 45. Ng2 Rhg4 46. Kf1
Rxg2 0-1